000 00326nam a2200133Ia 4500
008 190216s9999||||xx |||||||||||||| ||und||
100 _aChoudhary.B
245 0 _aElements Of Complex Analysis
250 _aSECOND
260 _bNew Age International Publishers
_c1998
300 _a333
650 _aMathematics
942 _cBK
999 _c31314
_d31314